[Event "Guillermo Garcia Memorial-D"]
[Site "Santa Clara"]
[Date "2024.05.20"]
[Round "8"]
[White "Llorente Bello, Eduardo"]
[Black "Silva Martinez Del Canizo, Sebastian"]
[Result "0-1"]
[WhiteElo "2030"]
[BlackElo "1942"]
[PlyCount "76"]
[EventDate "2024.05.14"]
[EventType "swiss"]
[EventRounds "9"]
[EventCountry "CUB"]
[SourceTitle "CBM 220 Extra"]
[Source "ChessBase"]
[SourceDate "2024.07.31"]
[SourceVersion "1"]
[SourceVersionDate "2024.07.31"]
[SourceQuality "1"]

1. d4 Nf6 2. c4 g6 3. g3 Bg7 4. Bg2 0-0 5. Nc3 d6 6. Nf3 Nc6 7. 0-0 e5 8. d5 Nb8 9. Ne1 a5 10. Nd3 Na6 11. e4 Nd7 12. Be3 f5 13. f3 b6 14. a3 Nac5 15. Nxc5 Nxc5 16. b4 axb4 17. axb4 Rxa1 18. Qxa1 Nb3 19. Qa7 f4 20. Qa2 fxe3 21. Qxb3 Bd7 22. Ra1 Bh6 23. Ra7 Qb8 24. Ra2 Qb7 25. Qa3 b5 26. c5 Kg7 27. Qa7 Qxa7 28. Rxa7 dxc5 29. bxc5 b4 30. Nb1 Rf7 31. Rxc7 Bb5 32. Rxf7+ Kxf7 33. f4 exf4 34. e5 fxg3 35. hxg3 Bg7 36. e6+ Ke7 37. Bh3 Bd4 38. d6+ Ke8 0-1

[Event "Guillermo Garcia Memorial-D"]
[Site "Santa Clara"]
[Date "2024.05.18"]
[Round "6"]
[White "Llorente Bello, Eduardo"]
[Black "Saraiba Rafuls, Lubin"]
[Result "1/2-1/2"]
[WhiteElo "2030"]
[BlackElo "2058"]
[PlyCount "74"]
[EventDate "2024.05.14"]
[EventType "swiss"]
[EventRounds "9"]
[EventCountry "CUB"]
[SourceTitle "CBM 220 Extra"]
[Source "ChessBase"]
[SourceDate "2024.07.31"]
[SourceVersion "1"]
[SourceVersionDate "2024.07.31"]
[SourceQuality "1"]

1. e4 c5 2. Nf3 e6 3. d3 Nc6 4. g3 Nf6 5. Bg2 d5 6. Nbd2 Be7 7. 0-0 0-0 8. e5 Nd7 9. Re1 Qc7 10. Qe2 b5 11. Nf1 Bb7 12. Bf4 Rfc8 13. Ne3 Qd8 14. h4 Nd4 15. Qd1 Nxf3+ 16. Qxf3 Rab8 17. Qg4 d4 18. Nf1 Bxg2 19. Kxg2 Kh8 20. Nd2 c4 21. Nf3 cxd3 22. cxd3 Rc2 23. Bg5 Nb6 24. Nxd4 Rc5 25. Nf3 h6 26. Rh1 Nd5 27. Rad1 Rbc8 28. Bc1 Qc7 29. Bd2 Rc2 30. Rc1 Qb7 31. Qe4 Rxc1 32. Rxc1 Rxc1 33. Bxc1 Qc6 34. Be3 Qc2 35. Bd4 a5 36. a3 b4 37. axb4 axb4 1/2-1/2

[Event "Guillermo Garcia Memorial-D"]
[Site "Santa Clara"]
[Date "2024.05.16"]
[Round "4"]
[White "Llorente Bello, Eduardo"]
[Black "Herrera Pedroso, Alex"]
[Result "0-1"]
[WhiteElo "2030"]
[BlackElo "2116"]
[PlyCount "114"]
[EventDate "2024.05.14"]
[EventType "swiss"]
[EventRounds "9"]
[EventCountry "CUB"]
[SourceTitle "CBM 220 Extra"]
[Source "ChessBase"]
[SourceDate "2024.07.31"]
[SourceVersion "1"]
[SourceVersionDate "2024.07.31"]
[SourceQuality "1"]

1. d4 d5 2. c4 c6 3. Nf3 Nf6 4. Nbd2 g6 5. e3 Bg7 6. Bd3 0-0 7. 0-0 Nbd7 8. b3 b6 9. Bb2 Bb7 10. b4 c5 11. dxc5 bxc5 12. b5 e6 13. Qc2 Qe7 14. Ne5 Nb6 15. Rfd1 Rfd8 16. a4 Rac8 17. a5 Nbd7 18. Nb3 Ba8 19. Rac1 Nxe5 20. Bxe5 Nd7 21. Bxg7 Kxg7 22. Qb2+ Kg8 23. Bf1 Qh4 24. g3 Qh5 25. Qe2 Qh6 26. Bg2 Ne5 27. Nd2 Qg7 28. f4 Nd7 29. e4 Nf6 30. cxd5 exd5 31. exd5 Nxd5 32. Ne4 Re8 33. Qf2 Rcd8 34. Qxc5 Qb2 35. Rc2 Qb3 36. Rxd5 Rc8 37. Nf6+ Kh8 38. Qxc8 Qe3+ 39. Rf2 Rxc8 40. Re5 Qd4 41. Bxa8 Rxa8 42. Ne4 Rc8 43. Kg2 Qb4 44. Ng5 f6 45. Re4 Qxb5 46. Nf7+ Kg8 47. Re7 Qd5+ 48. Kh3 Qh5+ 49. Kg2 Qd5+ 50. Kh3 Kg7 51. Rfe2 Qh5+ 52. Kg2 Qd5+ 53. Kh3 Rc7 54. Rxc7 Qh5+ 55. Kg2 Qxe2+ 56. Kh3 Qh5+ 57. Kg2 Qxa5 0-1

[Event "Varadero op-A"]
[Site "Varadero"]
[Date "2023.10.04"]
[Round "3"]
[White "Llorente Bello, Eduardo"]
[Black "Carrera Gonzalez, Enmanuel"]
[Result "0-1"]
[WhiteElo "2002"]
[BlackElo "2156"]
[PlyCount "90"]
[EventDate "2023.10.03"]
[EventType "swiss"]
[EventRounds "9"]
[EventCountry "CUB"]
[SourceTitle "EXT 2025"]
[Source "ChessBase"]
[SourceDate "2024.10.14"]
[SourceVersion "1"]
[SourceVersionDate "2024.10.14"]
[SourceQuality "1"]

1. d4 d5 2. c4 e6 3. Nc3 Nf6 4. cxd5 exd5 5. Bg5 Nbd7 6. e3 Be7 7. Bd3 c6 8. Qc2 h6 9. Bf4 Nh5 10. Nf3 Nxf4 11. exf4 Bd6 12. g3 Qe7+ 13. Kd2 0-0 14. Rae1 Qd8 15. Kc1 Nf6 16. Kb1 Bh3 17. Rhg1 Bd7 18. Bf5 Bxf5 19. Qxf5 Qd7 20. Qc2 Rac8 21. Ne5 Qh3 22. g4 Bxe5 23. fxe5 Nh7 24. f4 Rfd8 25. Qf5 Nf8 26. Qh5 Qxh5 27. gxh5 Ne6 28. Ne2 Kh7 29. h4 c5 30. Rd1 Nxd4 31. Nxd4 cxd4 32. Rxd4 Rc4 33. Rgd1 Rxd4 34. Rxd4 Kg8 35. f5 Kf8 36. Kc2 Ke7 37. Rg4 Rg8 38. Rxg7 Rxg7 39. f6+ Kf8 40. fxg7+ Kxg7 41. Kd3 f5 42. Kd4 f4 43. Kxd5 f3 44. Kd6 f2 45. e6 f1Q 0-1

[Event "Guillermo Garcia Memorial op"]
[Site "Santa Clara"]
[Date "2022.05.07"]
[Round "7"]
[White "Llorente Bello, Eduardo"]
[Black "Frometa Castillo, Zirka"]
[Result "1-0"]
[WhiteElo "2071"]
[BlackElo "2020"]
[PlyCount "101"]
[EventDate "2022.04.30"]
[EventType "swiss"]
[EventRounds "9"]
[EventCountry "CUB"]
[SourceTitle "CBM 208 Extra"]
[Source "ChessBase"]
[SourceDate "2022.07.31"]
[SourceVersion "1"]
[SourceVersionDate "2022.07.31"]
[SourceQuality "1"]

1. d4 d5 2. c4 e6 3. Nc3 f5 4. e3 Nf6 5. Bd3 c6 6. Nge2 Bd6 7. f3 0-0 8. Qc2 Na6 9. a3 dxc4 10. Bxc4 b5 11. Bb3 Kh8 12. 0-0 Rb8 13. e4 b4 14. axb4 Nxb4 15. Qd1 fxe4 16. Nxe4 Nxe4 17. fxe4 Rxf1+ 18. Kxf1 Qf6+ 19. Kg1 e5 20. dxe5 Bxe5 21. Bf4 Bxf4 22. Nxf4 Ba6 23. Qd2 c5 24. g3 c4 25. Bd1 Nd3 26. Nxd3 cxd3 27. Qf4 Qb6+ 28. Qf2 Qxf2+ 29. Kxf2 Rxb2+ 30. Ke3 Rb6 31. Bb3 g5 32. Bd5 Kg7 33. e5 h6 34. e6 Kf6 35. Rf1+ Ke5 36. e7 Bb5 37. Bc4 Bc6 38. Rf8 d2 39. e8Q+ Bxe8 40. Rxe8+ Kf6 41. Rd8 Rb4 42. Be2 Rb2 43. Rxd2 Rxd2 44. Kxd2 Kf5 45. Ke3 a5 46. Bb5 h5 47. h3 h4 48. g4+ Ke5 49. Ba4 Kd5 50. Bc2 Ke5 51. Bb3 1-0

[Event "Guillermo Garcia Memorial op"]
[Site "Santa Clara"]
[Date "2022.05.03"]
[Round "4"]
[White "Garcia Garcia, Alejandro"]
[Black "Llorente Bello, Eduardo"]
[Result "1-0"]
[WhiteElo "2247"]
[BlackElo "2071"]
[PlyCount "47"]
[EventDate "2022.04.30"]
[EventType "swiss"]
[EventRounds "9"]
[EventCountry "CUB"]
[SourceTitle "CBM 208 Extra"]
[Source "ChessBase"]
[SourceDate "2022.07.31"]
[SourceVersion "1"]
[SourceVersionDate "2022.07.31"]
[SourceQuality "1"]

1. c4 e6 2. g3 f5 3. Bg2 Nf6 4. Nf3 d5 5. 0-0 c6 6. cxd5 cxd5 7. Nc3 Nc6 8. d3 Be7 9. e4 dxe4 10. dxe4 Nxe4 11. Nxe4 Qxd1 12. Rxd1 fxe4 13. Ng5 0-0 14. Nxe4 e5 15. Bg5 Bxg5 16. Nxg5 h6 17. Bd5+ Kh8 18. Nf7+ Kh7 19. Be4+ Kg8 20. Bxc6 Kxf7 21. Be4 Be6 22. Rac1 Rab8 23. Rc7+ Kf6 24. Rd6 1-0

[Event "Portela Memorial tt"]
[Site "Havana"]
[Date "2018.07.24"]
[Round "9.5"]
[White "Pulido Alvarez, Ariel"]
[Black "Llorente Bello, Eduardo"]
[Result "1-0"]
[WhiteElo "2289"]
[BlackElo "2125"]
[PlyCount "69"]
[EventDate "2018.07.16"]
[EventType "team-tourn"]
[EventRounds "9"]
[EventCountry "CUB"]
[SourceTitle "EXT 2021"]
[Source "ChessBase"]
[SourceDate "2020.10.23"]
[SourceVersion "1"]
[SourceVersionDate "2020.10.23"]
[SourceQuality "1"]

1. e4 e6 2. d4 d5 3. e5 c5 4. c3 Nc6 5. Nf3 Qb6 6. a3 Nh6 7. b4 cxd4 8. cxd4 Nf5 9. Be3 f6 10. exf6 gxf6 11. Bd3 Nxe3 12. fxe3 Bh6 13. Qe2 Bd7 14. 0-0 0-0-0 15. Nc3 Ne7 16. b5 Kb8 17. a4 Qa5 18. Nd1 Ng6 19. Nd2 e5 20. Rb1 e4 21. Bc2 f5 22. Nb3 Qb6 23. Nc5 f4 24. Nc3 Bc8 25. Qh5 Ne7 26. a5 Qd6 27. N3xe4 dxe4 28. Bxe4 Rhg8 29. Rfc1 Rg5 30. Qf3 Bg4 31. Na6+ Qxa6 32. bxa6 Bxf3 33. Rxb7+ Ka8 34. Rd7+ Bxe4 35. Rxd8+ 1-0

[Event "Havana Cobo Memorial tt"]
[Site "Havana"]
[Date "2018.01.30"]
[Round "8"]
[White "Gutierrez Espinosa, Karen"]
[Black "Llorente Bello, Eduardo"]
[Result "0-1"]
[WhiteElo "2071"]
[BlackElo "2153"]
[PlyCount "86"]
[EventDate "2018.01.25"]
[EventType "team-tourn"]
[EventRounds "10"]
[EventCountry "CUB"]
[SourceTitle "EXT 2021"]
[Source "ChessBase"]
[SourceDate "2020.10.23"]
[SourceVersion "1"]
[SourceVersionDate "2020.10.23"]
[SourceQuality "1"]

1. e4 g6 2. d4 Bg7 3. Nf3 d6 4. Bc4 c6 5. Nc3 Nf6 6. Bg5 h6 7. Bh4 g5 8. Bg3 b5 9. Bd3 Nh5 10. Be2 Nxg3 11. hxg3 b4 12. Na4 Qa5 13. b3 Nd7 14. Nb2 Qc7 15. a3 c5 16. axb4 cxd4 17. Nc4 Bb7 18. Bd3 Nf6 19. Nxd4 Bxe4 20. Nb5 Qb8 21. 0-0 0-0 22. Ra5 a6 23. Nd4 e6 24. c3 d5 25. Ne3 Rc8 26. Ne2 Qb6 27. Qd2 Bxd3 28. Qxd3 Ne4 29. Rc1 Nxc3 30. Nxc3 Qxb4 31. Rxa6 Rxa6 32. Qxa6 Rxc3 33. Rxc3 Qxc3 34. Qa4 Bd4 35. b4 Qe1+ 36. Kh2 Qxf2 37. Ng4 Qg1+ 38. Kh3 Qh1+ 39. Nh2 Bg1 40. Qa8+ Kg7 41. Qa1+ Kg6 42. Kg4 Qxh2 43. Kf3 f5 0-1

[Event "Maria Teresa Mora Memorial Premier"]
[Site "Havana"]
[Date "2018.??.??"]
[Round "5"]
[White "Llorente Bello, Eduardo"]
[Black "Amaro Alfonso, Raynner"]
[Result "0-1"]
[WhiteElo "2154"]
[BlackElo "2142"]
[PlyCount "89"]
[EventDate "2018.03.08"]
[EventType "tourn"]
[EventRounds "9"]
[EventCountry "CUB"]
[SourceTitle "EXT 2021"]
[Source "ChessBase"]
[SourceDate "2020.10.23"]
[SourceVersion "1"]
[SourceVersionDate "2020.10.23"]
[SourceQuality "1"]

1. Nf3 Nf6 2. c4 g6 3. Nc3 Bg7 4. g3 0-0 5. Bg2 d6 6. 0-0 Nc6 7. d3 a6 8. Rb1 Rb8 9. Bg5 b5 10. cxb5 axb5 11. b4 Bd7 12. Qd2 Re8 13. Rfc1 Na7 14. h3 c6 15. e4 e5 16. Nh2 Qc8 17. g4 h5 18. Bxf6 Bxf6 19. Qe3 Rb7 20. gxh5 Qd8 21. hxg6 fxg6 22. Nf3 Be6 23. Kh2 Rh7 24. Rh1 Qd7 25. Kg3 d5 26. exd5 cxd5 27. Nxe5 Qd6 28. d4 Bf7 29. f4 g5 30. Kh2 gxf4 31. Qf3 Rxe5 32. dxe5 Bxe5 33. Rhc1 Rg7 34. Ne2 Nc6 35. Kh1 Ne7 36. Rc5 Qg6 37. Rbc1 Nf5 38. Rc8+ Kh7 39. R1c6 Qg5 40. Qg4 Bh5 41. Qxg5 Rxg5 42. R8c7+ Ng7 43. Bxd5 Bxc7 44. Be4+ Nf5 45. Nd4 0-1

[Event "Maria Teresa Mora Memorial Premier"]
[Site "Havana"]
[Date "2018.??.??"]
[Round "1"]
[White "Llorente Bello, Eduardo"]
[Black "Rodriguez Gutierrez, Brayans"]
[Result "0-1"]
[WhiteElo "2154"]
[BlackElo "2136"]
[PlyCount "82"]
[EventDate "2018.03.08"]
[EventType "tourn"]
[EventRounds "9"]
[EventCountry "CUB"]
[SourceTitle "EXT 2021"]
[Source "ChessBase"]
[SourceDate "2020.10.23"]
[SourceVersion "1"]
[SourceVersionDate "2020.10.23"]
[SourceQuality "1"]

1. d4 Nf6 2. c4 e6 3. Nc3 Bb4 4. a3 Bxc3+ 5. bxc3 b6 6. f3 Bb7 7. e4 d6 8. Bd3 Nbd7 9. Ne2 c5 10. 0-0 0-0 11. Ng3 cxd4 12. cxd4 e5 13. Bb2 Re8 14. Nf5 Qc7 15. Qd2 Nf8 16. Rfc1 Ne6 17. Bf1 g6 18. Qh6 Nd7 19. c5 bxc5 20. dxc5 Ndxc5 21. Ne3 Qe7 22. Bc4 Nd4 23. Bc3 Ndb3 24. Be1 Qf8 25. Qg5 Nxa1 26. Ng4 Ne6 27. Nh6+ Kg7 28. Nf5+ Kh8 29. Qf6+ Kg8 30. Ne3 Qe7 31. Ng4 Qf8 32. Bd2 Qg7 33. Bh6 Qh8 34. Qh4 g5 35. Bxg5 Nxg5 36. Qxg5+ Qg7 37. Nf6+ Kh8 38. Qxg7+ Kxg7 39. Nxe8+ Rxe8 40. Rxa1 Rc8 41. Rb1 Bxe4 0-1

[Event "Maria Teresa Mora Memorial Premier"]
[Site "Havana"]
[Date "2018.??.??"]
[Round "2"]
[White "Palmero Martinez, Rachel"]
[Black "Llorente Bello, Eduardo"]
[Result "1/2-1/2"]
[WhiteElo "2118"]
[BlackElo "2154"]
[PlyCount "65"]
[EventDate "2018.03.08"]
[EventType "tourn"]
[EventRounds "9"]
[EventCountry "CUB"]
[SourceTitle "EXT 2021"]
[Source "ChessBase"]
[SourceDate "2020.10.23"]
[SourceVersion "1"]
[SourceVersionDate "2020.10.23"]
[SourceQuality "1"]

1. e4 e6 2. d4 d5 3. e5 c5 4. c3 Nc6 5. Nf3 Qb6 6. a3 c4 7. Nbd2 Na5 8. Rb1 Bd7 9. b4 cxb3 10. c4 Ne7 11. c5 Qc7 12. Bd3 g6 13. Nxb3 Ba4 14. Bc2 Nc4 15. Nbd2 Bxc2 16. Qxc2 Na5 17. 0-0 Bg7 18. Qa4+ Nec6 19. Bb2 0-0 20. Bc3 f6 21. Rfe1 b6 22. exf6 Rxf6 23. Bxa5 Nxa5 24. cxb6 axb6 25. Rec1 Qd8 26. Qb5 Bh6 27. Rc2 Bxd2 28. Nxd2 Rf4 29. Qe2 Qd6 30. Rcb2 Rb8 31. Rb4 Rf7 32. g3 Rc7 33. a4 1/2-1/2

[Event "Bayamo Cespedes Memorial op"]
[Site "Bayamo"]
[Date "2017.03.05"]
[Round "6.2"]
[White "Llorente Bello, Eduardo"]
[Black "Lopez Montero, Manuel Alejandro"]
[Result "0-1"]
[WhiteElo "2165"]
[BlackElo "2032"]
[PlyCount "58"]
[EventDate "2017.03.01"]
[EventType "swiss"]
[EventRounds "9"]
[EventCountry "CUB"]
[SourceTitle "EXT 2023"]
[Source "ChessBase"]
[SourceDate "2022.10.05"]
[SourceVersion "1"]
[SourceVersionDate "2022.10.05"]
[SourceQuality "1"]

1. d4 d5 2. c4 e6 3. Nc3 Nf6 4. cxd5 exd5 5. Bg5 c6 6. e3 Be7 7. Qc2 Nbd7 8. Bd3 0-0 9. Nf3 Re8 10. h3 Nf8 11. Bf4 Ne6 12. Be5 g6 13. 0-0 Ng7 14. Bxf6 Bxf6 15. b4 a6 16. a4 Bf5 17. b5 Bxd3 18. Qxd3 cxb5 19. axb5 a5 20. Qc2 Nf5 21. Qb3 Ne7 22. Ra2 b6 23. Rc2 Rc8 24. Rfc1 Qd7 25. g3 Rc7 26. Kg2 Rec8 27. Ne1 Rc4 28. Nd3 Qd6 29. Nf4 Qb4 0-1

[Event "Bayamo Cespedes Memorial op"]
[Site "Bayamo"]
[Date "2017.03.04"]
[Round "4.1"]
[White "Cabrera Ladron de Guevara, Mayra"]
[Black "Llorente Bello, Eduardo"]
[Result "1/2-1/2"]
[WhiteElo "2078"]
[BlackElo "2165"]
[PlyCount "25"]
[EventDate "2017.03.01"]
[EventType "swiss"]
[EventRounds "9"]
[EventCountry "CUB"]
[SourceTitle "EXT 2023"]
[Source "ChessBase"]
[SourceDate "2022.10.05"]
[SourceVersion "1"]
[SourceVersionDate "2022.10.05"]
[SourceQuality "1"]

1. e4 d6 2. Nf3 Nf6 3. Nc3 e5 4. Bc4 Be7 5. d3 0-0 6. h3 Be6 7. Bb3 c5 8. 0-0 Nc6 9. Ng5 Bxb3 10. axb3 h6 11. Nf3 d5 12. exd5 Nxd5 13. Re1 1/2-1/2

[Event "Bayamo Cespedes Memorial op"]
[Site "Bayamo"]
[Date "2017.03.02"]
[Round "2.11"]
[White "Martinez Rosales, Sergio"]
[Black "Llorente Bello, Eduardo"]
[Result "0-1"]
[WhiteElo "1874"]
[BlackElo "2165"]
[PlyCount "62"]
[EventDate "2017.03.01"]
[EventType "swiss"]
[EventRounds "9"]
[EventCountry "CUB"]
[SourceTitle "EXT 2023"]
[Source "ChessBase"]
[SourceDate "2022.10.05"]
[SourceVersion "1"]
[SourceVersionDate "2022.10.05"]
[SourceQuality "1"]

1. e4 e6 2. d4 d5 3. Nc3 Bb4 4. exd5 exd5 5. Nf3 Nc6 6. Be2 Nge7 7. 0-0 Bf5 8. a3 Bxc3 9. bxc3 0-0 10. Re1 Ng6 11. Be3 Qd6 12. Qd2 Rfe8 13. c4 dxc4 14. Bxc4 Nce7 15. Bb3 Nd5 16. Bxd5 Qxd5 17. Rac1 b5 18. Red1 Bg4 19. Ne5 Bxd1 20. Nxg6 hxg6 21. Qxd1 Qc4 22. c3 c6 23. h3 a5 24. Qc2 Rad8 25. Kh1 Rd5 26. g3 Rh5 27. Kh2 Qe6 28. h4 Qd6 29. Kg1 Rxe3 30. g4 Rxh4 31. fxe3 Qg3+ 0-1

[Event "Bayamo Cespedes Memorial op"]
[Site "Bayamo"]
[Date "2017.03.01"]
[Round "1.2"]
[White "Llorente Bello, Eduardo"]
[Black "Ulloa Rey, Luis Ernesto"]
[Result "1/2-1/2"]
[WhiteElo "2165"]
[BlackElo "1977"]
[PlyCount "40"]
[EventDate "2017.03.01"]
[EventType "swiss"]
[EventRounds "9"]
[EventCountry "CUB"]
[SourceTitle "EXT 2023"]
[Source "ChessBase"]
[SourceDate "2022.10.05"]
[SourceVersion "1"]
[SourceVersionDate "2022.10.05"]
[SourceQuality "1"]

1. e4 e5 2. Nf3 Nc6 3. d4 exd4 4. Nxd4 Bc5 5. Be3 Qf6 6. c3 Nge7 7. Bc4 0-0 8. 0-0 d6 9. Nxc6 Nxc6 10. Bxc5 dxc5 11. Nd2 Be6 12. Bxe6 fxe6 13. Qf3 Qxf3 14. Nxf3 Rad8 15. Rad1 Rxd1 16. Rxd1 Rd8 17. Rxd8+ Nxd8 18. Kf1 Nc6 19. Ke2 Kf7 20. Ke3 h6 1/2-1/2